000 00540nam a2200181Ia 4500
003 OSt
005 20260127161453.0
008 210210b1956 xxu||||| |||| 00| 0 eng d
040 _cAL
041 _akannada
082 _a854/55
100 _aKRASHNAMURTI (K)
_9162596
_dಕೃಷ್ಣಮೂರ್ತಿ (ಕೆ)
245 _aKannada kavya prakasha 2:
_bಕನ್ನಡ ಕಾವ್ಯ ಪ್ರಕಾಶ ೨
260 _aMaisuru
_bSharada Mandira
_c1956
690 _aKannada Criticism
_9162597
906 _a019906
942 _2ddc
_cBK
999 _c144056
_d144056